| 000 | 00844nam a2200265Ia 4500 | ||
|---|---|---|---|
| 003 | OSt | ||
| 005 | 20220928104952.0 | ||
| 006 | a|||||r|||| 00| 0 | ||
| 007 | ta | ||
| 008 | 220927b |||||||| |||| 00| 0 hin d | ||
| 020 | _c320 | ||
| 024 | _a118376 | ||
| 037 |
_b2080, 10/12/2012, Kiran Book Service _cTextual |
||
| 040 |
_aSDCL _cSDCL _bhin |
||
| 041 |
_2hin _ahin |
||
| 082 | _aO152,3M80x, Q2 | ||
| 100 |
_aKalia Ravindra _9395296 |
||
| 245 | 0 |
_aPremchand _b Hindu Muslim ekta sambandhi kahaniyan evam vichar. |
|
| 260 |
_aNew Delhi _bBharatiya Jnanpith _c2012 |
||
| 300 |
_a320p _ccm. |
||
| 650 |
_aHindi _9391598 |
||
| 700 |
_a Shrivastav Jitendra Ed. _9395297 |
||
| 942 |
_hO152,3M80x, Q2 _cTEXL _2CC |
||
| 999 |
_c728849 _d728849 |
||